Statistics for 2023-24 New York Jets Roster

Click here to take the quiz!

General Stats

  • This quiz has been taken 194 times
  • The average score is 24 of 56

Answer Stats

NumberPositionPlayer% Correct
17WRGarrett Wilson
98%
2QBZach Wilson
98%
1CBSauce Gardner
97%
8QBAaron Rodgers
95%
20RBBreece Hall
90%
37CBBryce Hall
86%
10WRAllen Lazard
83%
56LBQuincy Williams
83%
95DLQuinnen Williams
83%
4CBD.J. Reed
77%
3SJordan Whitehead
77%
11DEJermaine Johnson
75%
9KGreg Zuerlein
66%
18WRRandall Cobb
66%
7QBTim Boyle
65%
83TETyler Conklin
65%
57LBC.J. Mosley
64%
32RBMichael Carter
62%
30CBMichael Carter II
62%
87TEC.J. Uzomah
54%
6WRMecole Hardman Jr.
53%
21SAshtyn Davis
51%
84WRCorey Davis
50%
77TMekhi Becton
50%
75GAlijah Vera-Tucker
49%
89TEJeremy Ruckert
45%
47DLBryce Huff
44%
22STony Adams
43%
66OLJoe Tippman
42%
94DLSolomon Thomas
41%
5PThomas Morestead
39%
60CConnor McGovern
38%
16WRJason Brownlee
37%
99DLWill McDonald IV
31%
25RBIsrael Abanikanda
30%
91DLJohn Franklin-Myers
30%
78GLaken Tomlinson
26%
27RBZonovan "Bam" Knight
25%
58DLCarl Lawson
23%
42LSThomas Hennessy
19%
72DLMicheal Clemons
18%
44LBJamien Sherwood
16%
88TEKenny Yeboah
15%
34CBJustin Hardee
14%
48FBNick Bawden
13%
54LTBilly Turner
10%
15QBChris Streveler
8%
96DLAl Woods
7%
23SChuck Clark
7%
29SLamarcus Joyner
6%
61OLMax Mitchell
4%
45LBHamsah Nasirildeen
3%
67OLDan Feeney
2%
68OLMike Remmers
0%
65OLNate Herbig
0%
97DLNathan Shepherd
0%

Score Distribution

Percentile by Number Answered

Percent of People with Each Score

Your Score History

You have not taken this quiz